Представление документа в формате MARC21

Поле Инд. ПП Название Значение
Тип записи a
Библиографический уровень m
001 Контрольный номер 6059eff5e5b3496bbeca8a1b37e1aa09
005 Дата корректировки 20250526115410.2
020 a ISBN 978-5-4315-3687-8
040 a Служба первич. каталог. НБ ТвГУ
b Код языка каталог. rus
e Правила каталог. PSBO
041 0_ a Код языка текста rus
080 a Индекс УДК 373.214.15
084 a Индекс другой классификации/Индекс ББК Ч414(2Рос)
090 a Полочн. индекс Ч414(2)
x Авторский знак Ф 32
097 b Оператор Semenova.ZR
245 10 a Заглавие Федеральная образовательная программа дошкольного образования
b Продолж. заглавия приказ Министерства просвещения Российской Федерации от 25 ноября 2022 г. № 1028 "Об утверждении федеральной образовательной программы дошкольного образования"
260 c Дата издания 2024
a Место издания Москва
b Издательство Мозаика-Синтез
300 a Объем 253, [3] с.
440 _0 a Серия От рождения до школы
653 0_ a Ключевые слова Дошкольное образование
a Ключевые слова Дошкольная педагогика
a Ключевые слова Дошкольные учреждения
a Ключевые слова Регламентирующие документы
a Ключевые слова Нормативные документы в образовании
a Ключевые слова Образовательные программы дошкольного образования
a Ключевые слова Организация дошкольного образования
901 t Тип документа m
920 a Оператор Семен
a Оператор Лиси
930 a Новая/Ретро новая
952 c Вид литературы К рн
954 b Дата поступления в ОК 20250410
a Дата поступления на обработку 20250526